| 000 | 00398nam a2200157Ia 4500 | ||
|---|---|---|---|
| 008 | 230917s9999||||xx |||||||||||||| ||und|| | ||
| 040 |
_e195142 _aMAIN |
||
| 041 | _aEnglish | ||
| 082 | _a620.105 K529S(23) | ||
| 100 | _aKhurmi, R S | ||
| 245 | 0 | _aStrength of materials (Mechanics of solids) | |
| 250 | _a23rd ed. | ||
| 260 |
_aNew Delhi _bS Chand _c2012 |
||
| 300 | _axvi, 862 p. | ||
| 942 | _cBK | ||
| 999 |
_c157461 _d157461 |
||